000 00458nam a2200169Ia 4500
008 230917s9999||||xx |||||||||||||| ||und||
020 _cRS350
040 _e224139
_aMAIN
041 _aEnglish
082 _a620.106 D246F
100 _aDarde, P N
245 0 _aFluid mechanics and fluid machines
260 _aNew Delhi
_bYayu Education of India
_c2013
300 _axxi, 730 p.
500 _a1935 05/02/2015 JBC2108 14/03/2015 Main Budget
942 _cBK
999 _c14499
_d14499